00773nam a2200193Ia 4500001001000000003000500010008004100015010001100056040000900067100002800076245019100104260003400295300001000329502008400339650002700423650005100450650002800501710005000529Para_9446CHAP220125s2008 xx 000 0 und d a208132 cCHAP aAvila Pérez, Maricela aEvaluación de clones de papa (Solanum tuberosum L.) para la resistencia contra el tizón tardio (Phytophthora infestans Mont de Bary), en Toluca, Méx. /c por Maricela Avila Pérez aChapingo, Méx. :b el autor a67 h. aTesis (M.C. Protección Vegetal) UACh. Departamento Parasitología Agrícola aHongos fitopatógenos aPapa x variedades resistentes a enfermedades  aPhytophthora infestans  aUACh. Departamento Parasitología Agrícola